[Event "CUB School-chT"]
[Site "Santa Clara"]
[Date "2017.07.17"]
[Round "9.5"]
[White "Torres Acosta, Luis Daniel"]
[Black "Castro Bello, Carlos Javier"]
[Result "0-1"]
[WhiteElo "1999"]
[BlackElo "2046"]
[PlyCount "110"]
[EventDate "2017.07.13"]
[EventType "team-swiss"]
[EventRounds "9"]
[EventCountry "CUB"]
[SourceTitle "EXT 2023"]
[Source "ChessBase"]
[SourceDate "2022.10.05"]
[SourceVersion "1"]
[SourceVersionDate "2022.10.05"]
[SourceQuality "1"]

1. e4 c5 2. Nf3 d6 3. d4 cxd4 4. Nxd4 Nf6 5. Nc3 g6 6. Be3 Bg7 7. f3 Nc6 8. Qd2 0-0 9. 0-0-0 d5 10. Kb1 Nxd4 11. e5 Nf5 12. exf6 Bxf6 13. Nxd5 Qxd5 14. Qxd5 Nxe3 15. Qd2 Nxd1 16. Qxd1 Be6 17. Bd3 Rfd8 18. Qe2 Rd4 19. g4 a5 20. h4 Rb4 21. b3 a4 22. Qd2 axb3 23. cxb3 Rxb3+ 24. axb3 Bxb3 25. Qb2 Bxb2 26. Kxb2 Bd5 27. Rf1 Ra2+ 28. Kc3 Rh2 29. Kd4 Bc6 30. Be4 Rxh4 31. Bxc6 bxc6 32. Kc5 Rh2 33. Kxc6 Rd2 34. Kc5 e6 35. Kc4 h5 36. gxh5 gxh5 37. Kc3 Rd5 38. Rg1+ Kf8 39. Rg3 Ke7 40. Kc4 Kf6 41. Kc3 Kf5 42. Rg7 f6 43. Rg3 Kf4 44. Rh3 Ke3 45. Kc2 Kf2 46. f4 Kg2 47. Re3 Rd6 48. Ra3 h4 49. Ra8 h3 50. Rg8+ Kh1 51. Rg6 f5 52. Rh6 h2 53. Rg6 Rd4 54. Rxe6 Rxf4 55. Rg6 Rg4 0-1

[Event "CUB School-chT"]
[Site "Santa Clara"]
[Date "2017.07.15"]
[Round "5.6"]
[White "Hernandez Garcia, Roberto"]
[Black "Castro Bello, Carlos Javier"]
[Result "0-1"]
[WhiteElo "1462"]
[BlackElo "2046"]
[PlyCount "58"]
[EventDate "2017.07.13"]
[EventType "team-swiss"]
[EventRounds "9"]
[EventCountry "CUB"]
[SourceTitle "EXT 2023"]
[Source "ChessBase"]
[SourceDate "2022.10.05"]
[SourceVersion "1"]
[SourceVersionDate "2022.10.05"]
[SourceQuality "1"]

1. e4 c5 2. Nf3 d6 3. d4 cxd4 4. Nxd4 Nf6 5. Nc3 g6 6. Be3 Bg7 7. f3 Nc6 8. Qd2 0-0 9. Bc4 Bd7 10. 0-0-0 Ne5 11. Bb3 Rc8 12. h4 h5 13. Kb1 Nc4 14. Bxc4 Rxc4 15. Bg5 Nxe4 16. Nxe4 Rxd4 17. Qe3 Qb6 18. Rxd4 Bxd4 19. Qb3 Qxb3 20. axb3 f6 21. Bh6 Rc8 22. Rd1 Bb6 23. Nc3 Bf5 24. Re1 Kf7 25. Re2 e5 26. Nd5 Bd4 27. Ne3 Be6 28. c3 Bb6 29. Rd2 Rh8 0-1

[Event "CUB School-chT"]
[Site "Santa Clara"]
[Date "2017.07.14"]
[Round "3.2"]
[White "Castro Bello, Carlos Javier"]
[Black "Perez Leiva, Jerzy Jesus"]
[Result "0-1"]
[WhiteElo "2046"]
[BlackElo "2239"]
[PlyCount "40"]
[EventDate "2017.07.13"]
[EventType "team-swiss"]
[EventRounds "9"]
[EventCountry "CUB"]
[SourceTitle "EXT 2023"]
[Source "ChessBase"]
[SourceDate "2022.10.05"]
[SourceVersion "1"]
[SourceVersionDate "2022.10.05"]
[SourceQuality "1"]

1. e4 c5 2. Nf3 Nc6 3. d4 cxd4 4. Nxd4 e6 5. Nc3 Qc7 6. Be3 a6 7. Qf3 Ne5 8. Qg3 h5 9. Bf4 d6 10. Bxe5 dxe5 11. Nf3 f6 12. Be2 Bc5 13. Rd1 Kf7 14. 0-0 b5 15. a3 Bb7 16. Rd2 Rd8 17. Rxd8 Qxd8 18. Rd1 Qc7 19. Nh4 Ne7 20. h3 Bc6 0-1

[Event "CUB School-chT"]
[Site "Santa Clara"]
[Date "2017.07.13"]
[Round "1.7"]
[White "Castro Bello, Carlos Javier"]
[Black "Frometa Romero, Oscar Luis"]
[Result "1-0"]
[WhiteElo "2046"]
[BlackElo "1700"]
[PlyCount "67"]
[EventDate "2017.07.13"]
[EventType "team-swiss"]
[EventRounds "9"]
[EventCountry "CUB"]
[SourceTitle "EXT 2023"]
[Source "ChessBase"]
[SourceDate "2022.10.05"]
[SourceVersion "1"]
[SourceVersionDate "2022.10.05"]
[SourceQuality "1"]

1. e4 d5 2. exd5 Qxd5 3. Nf3 Bg4 4. Be2 Nf6 5. d4 e6 6. 0-0 c6 7. c4 Qa5 8. Bf4 Be7 9. h3 Bh5 10. Qb3 Qb4 11. Nc3 Nbd7 12. Qc2 0-0 13. a3 Qb6 14. Rad1 Bg6 15. Qc1 Ne4 16. Nxe4 Bxe4 17. b4 a5 18. c5 Qd8 19. b5 b6 20. a4 bxc5 21. dxc5 Qc8 22. Bd6 Bxd6 23. Rxd6 cxb5 24. c6 Nf6 25. axb5 Bd5 26. b6 Rb8 27. c7 Ra8 28. Ne5 Ne4 29. Rxd5 exd5 30. Qc6 a4 31. b7 Qe8 32. bxa8Q Qxa8 33. Qxa8 Rxa8 34. Bg4 1-0

[Event "CUB School-chT"]
[Site "Santa Clara"]
[Date "2017.07.13"]
[Round "2.1"]
[White "Jerez Duenas, Fabio"]
[Black "Castro Bello, Carlos Javier"]
[Result "0-1"]
[WhiteElo "1865"]
[BlackElo "2046"]
[PlyCount "80"]
[EventDate "2017.07.13"]
[EventType "team-swiss"]
[EventRounds "9"]
[EventCountry "CUB"]
[SourceTitle "EXT 2023"]
[Source "ChessBase"]
[SourceDate "2022.10.05"]
[SourceVersion "1"]
[SourceVersionDate "2022.10.05"]
[SourceQuality "1"]

1. e4 c5 2. Nf3 d6 3. d4 cxd4 4. Nxd4 Nf6 5. Nc3 g6 6. f3 Bg7 7. Be3 Nc6 8. Qd2 0-0 9. 0-0-0 d5 10. exd5 Nxd5 11. Nxc6 bxc6 12. Nxd5 cxd5 13. Qxd5 Qc7 14. Qc5 Qb7 15. b3 Bf5 16. Qb5 Rac8 17. Rd2 Qc7 18. Bc4 Be6 19. Rhd1 Rb8 20. Qc5 Qxc5 21. Bxc5 Bxc4 22. Bxe7 Rfc8 23. Rd7 Be6 24. Rxa7 Bf5 25. c4 Rxc4+ 26. Kd2 Rc2+ 27. Ke3 Rxg2 28. Rd8+ Rxd8 29. Bxd8 Rxh2 30. Bc7 Rc2 31. b4 Bf8 32. a3 h5 33. Bg3 Rg2 34. Be5 h4 35. Rc7 h3 36. Rc1 Bh6+ 37. f4 h2 38. Rh1 Bd7 39. Kd3 Bc6 40. f5 Rd2+ 0-1

[Event "Pan American-ch U16"]
[Site "San Jose"]
[Date "2017.07.04"]
[Round "6"]
[White "Liang, Albert"]
[Black "Castro Bello, Carlos Javier"]
[Result "1-0"]
[WhiteElo "2051"]
[BlackElo "2046"]
[PlyCount "51"]
[EventDate "2017.07.01"]
[EventType "swiss"]
[EventRounds "9"]
[EventCountry "CRI"]
[SourceTitle "EXT 2022"]
[Source "ChessBase"]
[SourceDate "2021.10.06"]
[SourceVersion "1"]
[SourceVersionDate "2021.10.06"]
[SourceQuality "1"]

1. e4 c5 2. Nf3 d6 3. d4 cxd4 4. Nxd4 Nf6 5. Nc3 g6 6. Be3 Bg7 7. f3 Nc6 8. Qd2 0-0 9. Bc4 Bd7 10. Bb3 Rc8 11. h4 h5 12. 0-0-0 Ne5 13. Bg5 Rc5 14. Kb1 Re8 15. g4 hxg4 16. h5 Nxh5 17. Nd5 a5 18. a3 b5 19. Rxh5 gxh5 20. Qh2 gxf3 21. Qxh5 Bg4 22. Qh4 Qd7 23. Rh1 Rxd5 24. Qh7+ Kf8 25. Bh6 Bxh6 26. Qxh6+ 1-0

[Event "Pan American-ch U16"]
[Site "San Jose"]
[Date "2017.07.03"]
[Round "4"]
[White "Zeledon Perez, Edgar"]
[Black "Castro Bello, Carlos Javier"]
[Result "0-1"]
[WhiteElo "1750"]
[BlackElo "2046"]
[PlyCount "86"]
[EventDate "2017.07.01"]
[EventType "swiss"]
[EventRounds "9"]
[EventCountry "CRI"]
[SourceTitle "EXT 2022"]
[Source "ChessBase"]
[SourceDate "2021.10.06"]
[SourceVersion "1"]
[SourceVersionDate "2021.10.06"]
[SourceQuality "1"]

1. d4 Nf6 2. Bg5 g6 3. Nc3 d5 4. Bxf6 exf6 5. e3 Bg7 6. Bd3 0-0 7. Nce2 Nd7 8. Nf3 Nb6 9. c3 Bg4 10. Ng3 a6 11. h3 Bd7 12. Qc2 Bb5 13. b3 Bxd3 14. Qxd3 Re8 15. 0-0 f5 16. Ne2 a5 17. Nd2 a4 18. Rfc1 axb3 19. axb3 c6 20. Qc2 Qe7 21. Nf4 Ra3 22. Qb2 Rea8 23. Nd3 Bh6 24. Nc5 Rxa1 25. Rxa1 Rxa1+ 26. Qxa1 Bxe3 27. Qe1 Bg5 28. Qxe7 Bxe7 29. Nxb7 Kf8 30. Kf1 Ke8 31. Ke2 Kd7 32. Kd3 Kc7 33. Na5 Nd7 34. b4 Nf6 35. Nab3 Nh5 36. g3 Nf6 37. f3 Nh5 38. g4 Nf4+ 39. Ke3 Nxh3 40. gxf5 Bg5+ 41. Ke2 gxf5 42. Nc5 Ng1+ 43. Kd3 h5 0-1

[Event "Camaguey 503 op"]
[Site "Camaguey"]
[Date "2017.02.02"]
[Round "3.2"]
[White "Gallar Tamayo, Abel"]
[Black "Castro Bello, Carlos Javier"]
[Result "1/2-1/2"]
[WhiteElo "2093"]
[BlackElo "2046"]
[PlyCount "41"]
[EventDate "2017.02.01"]
[EventType "swiss"]
[EventRounds "9"]
[EventCountry "CUB"]
[SourceTitle "EXT 2023"]
[Source "ChessBase"]
[SourceDate "2022.10.05"]
[SourceVersion "1"]
[SourceVersionDate "2022.10.05"]
[SourceQuality "1"]

1. e4 c5 2. Nf3 d6 3. d4 cxd4 4. Nxd4 Nf6 5. Nc3 g6 6. Bg5 Bg7 7. Bb5+ Bd7 8. Qe2 Nc6 9. 0-0-0 h6 10. Bh4 Nh5 11. Bxc6 bxc6 12. Nf5 gxf5 13. Qxh5 Bxc3 14. bxc3 Qa5 15. Rhe1 Qxc3 16. exf5 Qa1+ 17. Kd2 Qd4+ 18. Kc1 Qa1+ 19. Kd2 Qd4+ 20. Ke2 Qc4+ 21. Kd2 1/2-1/2

[Event "Central America & Caribbean U12"]
[Site "Palmira"]
[Date "2014.10.05"]
[Round "4.5"]
[White "Machaj Castillero, Miguel Angel"]
[Black "Castro Bello, Carlos Javier"]
[Result "0-1"]
[WhiteElo "1534"]
[BlackElo "1910"]
[PlyCount "38"]
[EventDate "2014.10.04"]
[EventType "swiss"]
[EventRounds "9"]
[EventCountry "COL"]
[SourceTitle "EXT 2024"]
[Source "ChessBase"]
[SourceDate "2023.10.10"]
[SourceVersion "1"]
[SourceVersionDate "2023.10.10"]
[SourceQuality "1"]

1. e4 c5 2. Nf3 d6 3. d4 cxd4 4. Nxd4 Nf6 5. Nc3 g6 6. Be3 Bg7 7. f3 Nc6 8. g4 h5 9. gxh5 Nxh5 10. Qd2 Bd7 11. Nxc6 Bxc6 12. Bd4 Qa5 13. Bxg7 Nxg7 14. Bc4 Qc5 15. Bd5 Bxd5 16. Qxd5 Qe3+ 17. Ne2 0-0 18. Qd3 Qb6 19. 0-0-0 Rfc8 0-1

[Event "Capablanca Memorial op-B 48th"]
[Site "Havana"]
[Date "2013.04.30"]
[Round "9"]
[White "Castro Bello, Carlos Javier"]
[Black "Ruiz Proano, Esteban"]
[Result "1/2-1/2"]
[WhiteElo "1980"]
[BlackElo "1735"]
[PlyCount "87"]
[EventDate "2013.04.21"]
[EventType "swiss"]
[EventRounds "9"]
[EventCountry "CUB"]
[SourceTitle "CBM 154 Extra"]
[Source "ChessBase"]
[SourceDate "2013.06.25"]
[SourceVersion "2"]
[SourceVersionDate "2013.06.25"]
[SourceQuality "1"]

1. e4 c6 2. d4 d5 3. Nc3 dxe4 4. Nxe4 Bf5 5. Ng3 Bg6 6. Nf3 Nd7 7. h4 h6 8. h5 Bh7 9. Bd3 Bxd3 10. Qxd3 e6 11. Bf4 Qa5+ 12. c3 Ngf6 13. 0-0 Nxh5 14. Nxh5 Qxh5 15. c4 Qa5 16. Rfe1 Bb4 17. Re2 0-0 18. a3 Be7 19. d5 cxd5 20. cxd5 Nc5 21. Qe3 Qa6 22. b4 Nd3 23. Raa2 Nxf4 24. Qxf4 Bd6 25. Qe4 exd5 26. Qxd5 Rfd8 27. Qb3 Rac8 28. Re4 Rc1+ 29. Re1 Rdc8 30. Ra1 Rxa1 31. Rxa1 Qc4 32. Qa4 Qf4 33. Rd1 Rc1 34. Qe8+ Kh7 35. Qe2 Rc3 36. Qb2 Rc6 37. Qb1+ Kg8 38. Qd3 Bc7 39. Qe2 Rg6 40. Rd4 Qc1+ 41. Rd1 Qf4 42. Rd4 Qc1+ 43. Rd1 Qf4 44. Rd4 1/2-1/2

[Event "Capablanca Memorial op-B 48th"]
[Site "Havana"]
[Date "2013.04.28"]
[Round "7"]
[White "Castro Bello, Carlos Javier"]
[Black "Roca Rojas, Ana Flavia"]
[Result "0-1"]
[WhiteElo "1980"]
[BlackElo "2092"]
[PlyCount "80"]
[EventDate "2013.04.21"]
[EventType "swiss"]
[EventRounds "9"]
[EventCountry "CUB"]
[SourceTitle "CBM 154 Extra"]
[Source "ChessBase"]
[SourceDate "2013.06.25"]
[SourceVersion "2"]
[SourceVersionDate "2013.06.25"]
[SourceQuality "1"]

1. e4 c5 2. c3 Nf6 3. e5 Nd5 4. d4 cxd4 5. cxd4 Nc6 6. Nf3 d6 7. Bc4 Nb6 8. Bb5 e6 9. Nc3 Bd7 10. 0-0 a6 11. Be2 d5 12. Bg5 Ne7 13. Rc1 h6 14. Bh4 g5 15. Bg3 Ng6 16. h3 h5 17. Nd2 h4 18. Bh2 Bh6 19. Bg4 0-0 20. Re1 Nc8 21. Nf3 Kg7 22. Qd3 Nce7 23. b4 b5 24. a3 Rc8 25. Rc2 a5 26. Rec1 axb4 27. axb4 Rc4 28. Na2 Qb6 29. Rxc4 bxc4 30. Qc2 Ra8 31. Rb1 Ra3 32. Nc1 Nc6 33. Qb2 Ra4 34. Na2 Qa7 35. Nc3 Rxb4 36. Qc2 Rxb1+ 37. Qxb1 Nxd4 38. Qd1 Nxf3+ 39. Qxf3 Qa1+ 40. Nd1 Nxe5 0-1

[Event "Capablanca Memorial op-B 48th"]
[Site "Havana"]
[Date "2013.04.25"]
[Round "5"]
[White "Castro Bello, Carlos Javier"]
[Black "Perez Cruz, Adianet"]
[Result "0-1"]
[WhiteElo "1980"]
[BlackElo "2024"]
[PlyCount "80"]
[EventDate "2013.04.21"]
[EventType "swiss"]
[EventRounds "9"]
[EventCountry "CUB"]
[SourceTitle "CBM 154 Extra"]
[Source "ChessBase"]
[SourceDate "2013.06.25"]
[SourceVersion "2"]
[SourceVersionDate "2013.06.25"]
[SourceQuality "1"]

1. e4 c6 2. d4 d5 3. Nc3 dxe4 4. Nxe4 Nf6 5. Nxf6+ gxf6 6. Nf3 Bf5 7. Bd3 Bg6 8. Bf4 e6 9. Qd2 Bd6 10. Bxd6 Qxd6 11. 0-0-0 Nd7 12. Rhe1 0-0-0 13. Kb1 Kb8 14. a3 Nb6 15. Bxg6 hxg6 16. Qd3 Qd5 17. h3 Rd7 18. Qe4 g5 19. Rd3 Qxe4 20. Rxe4 Nd5 21. Rg4 Nf4 22. Rd2 Ng6 23. c3 Kc7 24. Kc2 Rd5 25. Rd1 Rf5 26. Kd2 Nf4 27. Re1 Nxg2 28. Rxg2 Rxf3 29. Ke2 Rfxh3 30. Reg1 R8h4 31. f3 Kd6 32. Rf2 Rh2 33. Rgf1 f5 34. Ke3 f6 35. c4 Ke7 36. b3 e5 37. dxe5 fxe5 38. Rg1 Rxf2 39. Kxf2 Kf6 40. Rg2 Rh1 0-1